Statystyki dla Państwa UE

Kliknij tutaj aby rozwiązać quiz!

Ogólne statystyki

  • Ten quiz został rozwiązany 43 razy
    (25 od ostatniego zresetowania)
  • Średni wynik to 25 z 27

Odpowiedzi na mapie

Odpowiedzi skodowane kolorowo w zielono-czerwonej skali na mapie do tego quizu, zgodnie z poniższymi procentami.
 

Statystyki odpowiedzi

Odpowiedź% Poprawnych
Czechy
100%
Estonia
100%
Litwa
100%
Łotwa
100%
Polska
100%
Słowacja
100%
Austria
94%
Chorwacja
94%
Dania
94%
Finlandia
94%
Francja
94%
Grecja
94%
Hiszpania
94%
Niemcy
94%
Portugalia
94%
Rumunia
94%
Szwecja
94%
Włochy
94%
Belgia
89%
Holandia
89%
Irlandia
89%
Węgry
89%
Bułgaria
83%
Luksemburg
83%
Malta
83%
Słowenia
83%
Cypr
56%

Rozkład punktacji

Percentyl według liczby udzielonych odpowiedzi

Procent ludzi z każdym wynikiem

Twoja historia wyników

Nie rozwiązałeś tego quizu od ostatniego zresetowania